[Event "21st Troya Open 2013"]
[Site "Canakkale TUR"]
[Date "2013.08.24"]
[Round "9.7"]
[White "Diri,Reha"]
[Black "Yurtseven,M"]
[Result "1-0"]
[WhiteElo "1890"]
[BlackElo "2244"]

1.e4 d6 2.d4 Nf6 3.Nc3 e5 4.dxe5 dxe5 5.Qxd8+ Kxd8 6.f3 Be6 7.Be3 c6 8.O-O-O+ Nbd7
9.Bd3 b5 10.h3 Kc8 11.f4 exf4 12.Bxf4 Kb7 13.Nf3 Bc5 14.Kb1 Rad8 15.Rhf1 h6
16.Ne2 Nb6 17.b3 a5 18.Bc1 Rhe8 19.Bb2 a4 20.g4 a3 21.Ba1 Be3 22.Rde1 Bc5
23.Ng3 Bb4 24.Rd1 Bf8 25.Nh4 Nfd7 26.Nhf5 f6 27.Bc3 Ne5 28.Bxe5 fxe5 29.Nh4 Nc8
30.Ng6 Bb4 31.Nh5 Rd7 32.Nxe5 Rc7 33.Nf3 Bc3 34.Nf4 Bg8 35.Ne2 Bb2 36.c3 Nd6
37.e5 Nf7 38.Kc2 Nxe5 39.Nxe5 Rxe5 40.Rf8 Bd5 41.Nf4 Bf7 42.Bf5 Rc5 43.Rd3 Re7
44.Rf3 Rce5 45.Rf1 Re3 46.Nd3 Bd5 47.Rd1 Rxh3 48.Rd2 Ree3 49.b4 Bxa2 50.Nc5+ Kb6
51.Rb8+ Ka7 52.Rb7+  1-0

[Event "TCh-SRB 1st League 2013"]
[Site "Kragujevac SRB"]
[Date "2013.08.24"]
[Round "1.1"]
[White "Sedlak,N"]
[Black "Kadric,D"]
[Result "1-0"]
[WhiteElo "2586"]
[BlackElo "2458"]

1.e4 d6 2.d4 Nf6 3.Nc3 e5 4.Nf3 exd4 5.Qxd4 Be7 6.Bf4 O-O 7.O-O-O Nc6 8.Qd2 a6
9.Bd3 Be6 10.Nd5 Nd7 11.Rhe1 Nde5 12.Be2 Re8 13.Kb1 Bf8 14.Ng5 Bd7 15.Bg3 f6
16.Nf3 Be6 17.Qc3 Nd7 18.Bc4 Kh8 19.Nf4 Bxc4 20.Qxc4 Nde5 21.Qc3 Nxf3 22.gxf3 Qd7
23.h4 Qf7 24.h5 Ne5 25.Rh1 c6 26.Ng2 Rad8 27.h6 g6 28.f4 Ng4 29.Bh4 Be7 30.f3 Nxh6
31.Bg5 Ng8 32.f5 gxf5 33.exf5 Qg7 34.Nh4 Qxg5 35.Rdg1 Qxg1+ 36.Rxg1 Nh6 37.Rh1 Kg7
38.Ng2 Nf7 39.Nf4 Ng5 40.Ne6+ Nxe6 41.fxe6 d5 42.Qd3 Rh8 43.Qf5 Kf8 44.Qh5  1-0

[Event "28th Schwarzacher Open"]
[Site "Schwarzach AUT"]
[Date "2013.08.24"]
[Round "9.8"]
[White "Van Foreest,Jorden"]
[Black "Biti,O"]
[Result "1-0"]
[WhiteElo "2284"]
[BlackElo "2387"]

1.e4 d6 2.d4 Nf6 3.Nc3 e5 4.Nf3 Nbd7 5.Bc4 Be7 6.O-O O-O 7.h3 c6 8.a4 a5
9.Be3 Qc7 10.Ba2 exd4 11.Nxd4 Nc5 12.Qf3 Qb6 13.Nb3 Nfd7 14.Rad1 Qc7 15.Nxc5 dxc5
16.Qe2 Qb6 17.Bb3 Bf6 18.Qc4 Qb4 19.f4 Qxc4 20.Bxc4 Nb6 21.Bb3 c4 22.Ba2 Bxc3
23.Bxb6 Bxb2 24.Bxc4 Be6 25.Bxe6 fxe6 26.e5 g5 27.g3 gxf4 28.gxf4 Ba3 29.Rd3 Be7
30.Kh2 Rf7 31.Rg1+ Kf8 32.Rdg3 Bd8 33.Rg8+ Ke7 34.Rd1 Bxb6 35.Rxa8 Be3 36.Rb8 Bxf4+
37.Kh1 Rf5 38.Rxb7+ Ke8 39.Rg1 Kf8 40.Rb8+ Kf7 41.Rgg8 Bh6 42.Rgc8 Rxe5 43.Rxc6 Bd2
44.c4 h5 45.Rb5 Re1+ 46.Kg2 h4 47.Rb3 Ra1 48.Rd3 Ra2 49.c5 Bg5+ 50.Kf3 Rxa4
51.Rc3 Bf6 52.Re3 Rc4 53.Rexe6 Bd4 54.Ke4 Bg1+ 55.Kd3 Rxc5 56.Rf6+ Ke7 57.Rxc5 Kxf6
58.Rc4 Bh2 59.Rxh4 Bd6 60.Rc4 Kg5 61.Ke3 Bb4 62.Rc6 Be1 63.Kf3 Bd2 64.Rc5+ Kg6
65.Kg4 Bb4 66.Rc6+ Kh7 67.Ra6 Bc3 68.Kf5 Be1 69.Ra7+ Kh6 70.Rd7 Bb4 71.Rd8 Bc3
72.Rd6+ Kh5 73.Rd7 Kh6 74.Kg4 Bb4 75.Rb7 Bc3 76.Rb6+ Kg7 77.Kh5 Bd2 78.Rg6+ Kf7
79.Rg4 Bc3 80.h4 Bf6  1-0

[Event "18th Vienna Open 2013"]
[Site "Vienna AUT"]
[Date "2013.08.24"]
[Round "8.12"]
[White "Fier,A"]
[Black "Kuznecov,M"]
[Result "1-0"]
[WhiteElo "2595"]
[BlackElo "2364"]

1.e4 d6 2.d4 Nf6 3.Nc3 e5 4.Nf3 Nbd7 5.Bc4 Be7 6.O-O O-O 7.Re1 c6 8.a4 a5
9.Ba2 exd4 10.Qxd4 Ne5 11.Nd2 Nfg4 12.Nf1 Be6 13.h3 Bxa2 14.Rxa2 Nf6 15.Ng3 g6
16.Ra1 Ned7 17.Be3 Re8 18.Rad1 Bf8 19.Qc4 Qc7 20.Rd2 Nc5 21.Red1 Nfd7 22.Qf1 h5
23.Bg5 Qb6 24.Rb1 Re6 25.Kh1 Qa6 26.Qd1 Ree8 27.f3 Ne6 28.Be3 Qc4 29.Nge2 Rad8
30.b3 Qa6 31.Qg1 Nec5 32.Rbd1 Qb6 33.Rxd6 Bxd6 34.Rxd6 Qb4 35.Rd4 Qb6 36.Rc4 Qa6
37.Bxc5 Nxc5 38.Qxc5 Rd2 39.Qg5 Rxc2 40.Nd4 Rb2 41.e5 Rxb3 42.Rc5 Rb4 43.e6 Rxd4
44.Qf6 Rxe6 45.Qxd4 Qf1+ 46.Qg1 Qd3 47.Ne4 Re7 48.Qa1 f5 49.Qf6 Rxe4 50.Qxg6+  1-0

[Event "12th Lichtenberger Sommer"]
[Site "Berlin GER"]
[Date "2013.08.25"]
[Round "9.73"]
[White "Mueller,Joh1"]
[Black "Mc Aleenan,C"]
[Result "0-1"]
[WhiteElo "1835"]
[BlackElo "1782"]

1.e4 d6 2.d4 Nf6 3.Nc3 c6 4.g3 e5 5.dxe5 dxe5 6.Qxd8+ Kxd8 7.Bg5 Be7 8.O-O-O+ Nfd7
9.Be3 Kc7 10.Bc4 f6 11.f4 b5 12.Be2 b4 13.Na4 Ba6 14.c4 c5 15.Nh3 Nc6 16.Rd5 Nd4
17.Bxd4 exd4 18.b3 Bb7 19.Nb2 Bxd5 20.cxd5 Bd6 21.Nc4 Rhe8 22.Bf3 a5 23.Re1 h6
24.Nf2 a4 25.Kb2 axb3 26.axb3 Ra6 27.Nd3 Rea8 28.Kc2 Ra2+ 29.Ndb2 Ra1 30.Re2 Rf1
31.Bg2 Rg1 32.e5 fxe5 33.Nxd6 Rxg2 34.Nb5+ Kb6 35.Rxg2 Kxb5 36.fxe5 Nxe5
37.Re2 Ng4 38.Re7 Ne3+ 39.Kd3 Ra3 40.d6 Rxb3+ 41.Ke4 Kc6 42.d7 Kc7 43.Na4 Nc2
44.Rxg7 Re3+ 45.Kd5 d3 46.Nxc5 d2 47.d8=Q+ Kxd8 48.Rd7+ Ke8 49.Kc4 Rc3+  0-1

[Event "TCh-SRB 1st League w 2013"]
[Site "Kragujevac SRB"]
[Date "2013.08.25"]
[Round "2.5"]
[White "Gakovic,Isidora"]
[Black "Nonkovic,B"]
[Result "0-1"]
[WhiteElo "1712"]
[BlackElo "2078"]

1.e4 d6 2.d4 Nf6 3.Nc3 e5 4.Nf3 Nbd7 5.Bc4 Be7 6.O-O Nb6 7.Be2 exd4 8.Nxd4 O-O
9.Bf4 Re8 10.Re1 Bf8 11.Bf1 Nbd7 12.Nb3 Ne5 13.Bg3 c6 14.Qd2 b5 15.Rad1 Qb6
16.Kh1 Nh5 17.Bxe5 dxe5 18.h3 Nf4 19.Qe3 Qc7 20.Ne2 Ne6 21.Ng3 a5 22.Nf5 g6
23.Nh6+ Kh8 24.Ng4 Bg7 25.Nc5 Nd4 26.Bd3 h5 27.Nh2 Kh7 28.f3 a4 29.c3 Ne6
30.Nxe6 Bxe6 31.Ra1 Rad8 32.Bc2 Bh6 33.Qf2 Rd2 34.Re2 Red8 35.Rae1 Bc4  0-1

[Event "Jastrzebskie Youth 2013"]
[Site "Ustron POL"]
[Date "2013.08.25"]
[Round "1.4"]
[White "Foltyn,L"]
[Black "Trifonov,D"]
[Result "1/2-1/2"]
[WhiteElo "1949"]
[BlackElo "2253"]

1.e4 d6 2.d4 Nf6 3.Nc3 e5 4.Nf3 Nbd7 5.Bc4 Be7 6.O-O O-O 7.Re1 c6 8.a4 Qc7
9.Qe2 Nb6 10.Ba2 Bg4 11.dxe5 dxe5 12.h3 Bh5 13.g4 Bg6 14.Nh4 Bb4 15.Nxg6 hxg6
16.Bd2 Bxc3 17.Bxc3 Nxa4 18.Bxf7+ Qxf7 19.Rxa4 b5 20.Ra3 Qe7 21.Bd2 Rf7 22.f3 Nh7
23.Kg2 Nf8 24.Ra6 Ne6 25.Be3 Rc8 26.Kg3 Rc7 27.h4 Nf4 28.Bxf4 Rxf4 29.Rd1 Kh7
30.Rd3  1/2-1/2

[Event "3rd Isthmia Open"]
[Site "Vrachati GRE"]
[Date "2013.08.25"]
[Round "9.10"]
[White "Martins,Dav"]
[Black "Cherednichenko,S"]
[Result "1-0"]
[WhiteElo "2179"]
[BlackElo "2283"]

1.e4 d6 2.d4 Nf6 3.Nc3 e5 4.f4 exd4 5.Qxd4 Be7 6.Nf3 c6 7.Bc4 b5 8.Be2 Qb6
9.Be3 Qxd4 10.Bxd4 b4 11.e5 bxc3 12.exf6 cxb2 13.Bxb2 Bxf6 14.Bxf6 gxf6 15.O-O-O d5
16.c4 O-O 17.cxd5 cxd5 18.Rxd5 Be6 19.Rd6 Bxa2 20.f5 Bb3 21.Nd4 Ba4 22.Bf3 Nd7
23.Bxa8 Rxa8 24.Kd2 Nb6 25.Kd3 Kg7 26.Rc1 Nd7 27.Rc7 Ne5+ 28.Ke4 a5 29.Ne6+ Kg8
30.Nf4 Ng4 31.Nh5 Nxh2 32.Nxf6+ Kg7 33.Nh5+ Kg8 34.Kf4 Bb5 35.Rh6 Ng4 36.Kxg4 Be2+
37.Kh4 Bxh5 38.Kxh5 a4 39.Rhc6  1-0

[Event "TCh-SRB 1st League 2013"]
[Site "Kragujevac SRB"]
[Date "2013.08.26"]
[Round "3.3"]
[White "Popovic,Du"]
[Black "Paunovic,D"]
[Result "1/2-1/2"]
[WhiteElo "2568"]
[BlackElo "2503"]

1.e4 d6 2.d4 Nf6 3.Nc3 e5 4.Nf3 Nbd7 5.g4 Nxg4 6.Rg1 Ngf6 7.Bc4 exd4 8.Qxd4 c6
9.Bf4 Qb6 10.Qd2 Qb4 11.Bb3 Nc5 12.O-O-O Nxb3+ 13.axb3 Be6 14.Qe3 Qb6 15.Nd4 O-O-O
16.Na4 Qa6 17.Nxe6 fxe6 18.Qh3 Re8 19.Bxd6 Nxe4 20.Bxf8 Nxf2 21.Qh5 Rhxf8
22.Rxg7 Rd8 23.Re1 Rf5 24.Qh4 Qa5 25.Reg1 Qd5 26.Kb1 Ne4 27.Qxh7 Nd6 28.Nc3 Qa5
29.Rd1 Rh5 30.Qg6 Qf5 31.Qg1 Qc5 32.Qg4 Qf5 33.Qg1 Qc5 34.Qg4 Qf5 35.Qg1  1/2-1/2

[Event "TCh-SRB 1st League 2013"]
[Site "Kragujevac SRB"]
[Date "2013.08.27"]
[Round "4.6"]
[White "Popovic,Du"]
[Black "Sredojevic,I"]
[Result "1/2-1/2"]
[WhiteElo "2568"]
[BlackElo "2413"]

1.e4 d6 2.d4 Nf6 3.Nc3 e5 4.Nf3 Nbd7 5.g4 g6 6.g5 Nh5 7.Be3 Bg7 8.dxe5 Nxe5
9.Nxe5 Bxe5 10.Qd2 Bg4 11.Bg2 Qd7 12.h3 Be6 13.O-O-O Qc6 14.a3 O-O 15.Ne2 Qc4
16.b3 Qa6  1/2-1/2

[Event "ch-ESP Rapid 2013"]
[Site "Linares ESP"]
[Date "2013.08.27"]
[Round "7.12"]
[White "Cuenca Jimenez,J"]
[Black "Perera Borrego,M"]
[Result "1-0"]
[WhiteElo "2477"]
[BlackElo "2062"]

1.e4 d6 2.d4 Nf6 3.Nc3 e5 4.Nf3 Nbd7 5.Bc4 Be7 6.O-O O-O 7.Re1 c6 8.a4 a5
9.Ba2 exd4 10.Nxd4 Nc5 11.h3 Qb6 12.Rb1 Qb4 13.Bb3 Be6 14.Nxe6 fxe6 15.Ba2 Kh8
16.Bd2 Qd4 17.Be3 Qxd1 18.Rbxd1 Ncxe4 19.Nxe4 Nxe4 20.Bxe6 d5 21.c4 Bb4 22.Re2 dxc4
23.Bxc4 Nd6 24.Bd3 Rae8 25.Bb6 h6 26.g3 Rxe2 27.Bxe2 Re8 28.Bf1 Re1 29.Rd4 Rb1
30.Bc7 Bc5 31.Rf4 Ne8 32.Be5 Nf6 33.Kg2 Kg8 34.Bc4+ Kf8 35.Bxf6 gxf6 36.Rxf6+ Ke8
37.b3 Rb2 38.g4 Bd4 39.Rf5 b6 40.h4 Ke7 41.g5 hxg5 42.hxg5 Rb1 43.g6 Re1
44.g7 Bxg7 45.Rf7+ Kd6 46.Rxg7 Kc5 47.Rg5+ Kb4 48.f4 Re3 49.Kf2 Rh3 50.Re5 Kc3
51.Re3+  1-0

[Event "24th Porto San Giorgio Open"]
[Site "Porto San Giorgio ITA"]
[Date "2013.08.27"]
[Round "7.12"]
[White "Chiaretti,R"]
[Black "Draskovic,L"]
[Result "1-0"]
[WhiteElo "2212"]
[BlackElo "2304"]

1.e4 d6 2.d4 Nf6 3.Nc3 e5 4.Nge2 Be7 5.g3 O-O 6.Bg2 c6 7.a4 Nbd7 8.O-O b6
9.h3 a6 10.g4 Ne8 11.f4 Bb7 12.Kh1 g6 13.Be3 exf4 14.Bxf4 Bf6 15.Qd2 Bg7
16.Rad1 Qe7 17.Bg5 f6 18.Bh4 Nc7 19.Rfe1 Rae8 20.Ng1 b5 21.Nf3 b4 22.Nb1 a5
23.e5 Qd8 24.exd6 Nd5 25.c4 bxc3 26.Nxc3 N7b6 27.Nxd5 cxd5 28.Qxa5 Qxd6 29.b3 Nc8
30.Qc5 g5 31.Bf2 Qf4 32.Bg1 Qb8 33.Bh2 Qa8 34.Nd2 Na7 35.Nf1 Rc8 36.Qb6 Rc6
37.Qa5 Rc2 38.Ne3 Rb2 39.Qc3 Rf2 40.Nf5 Rxf5 41.gxf5  1-0

[Event "18th Konik Morski"]
[Site "Rewal POL"]
[Date "2013.08.27"]
[Round "7.16"]
[White "Weichhold,P"]
[Black "Wozniak,Mari"]
[Result "1-0"]
[WhiteElo "2420"]
[BlackElo "2028"]

1.e4 d6 2.d4 Nf6 3.Nc3 e5 4.Nf3 Nbd7 5.g4 Nxg4 6.Rg1 Ngf6 7.Bc4 h6 8.Be3 c6
9.Qd3 b5 10.Bb3 Bb7 11.O-O-O a5 12.d5 Rc8 13.dxc6 Bxc6 14.Bd5 b4 15.Bxc6 bxc3
16.Ba4 Qc7 17.Qxc3 Qxc3 18.bxc3 Rxc3 19.Nd2 g6 20.Kb2 Rc7 21.f3 Ke7 22.c4 Bg7
23.Bb5 Ra8 24.a4 Nc5 25.Bxc5 Rxc5 26.Nb3 Rc7 27.Rd3 Bf8 28.Rgd1 Ke6 29.c5 dxc5
30.Rd8 Rcc8 31.Rxc8 Rxc8 32.Nxa5 Rc7 33.Kc3 Nd7 34.Nc4 f6 35.a5 Rb7 36.a6 Rxb5
37.a7  1-0

[Event "11th Kesan Open"]
[Site "Edirne TUR"]
[Date "2013.08.28"]
[Round "4.7"]
[White "Hadjiyev,S"]
[Black "Duman,A"]
[Result "1-0"]
[WhiteElo "2113"]
[BlackElo "2271"]

1.d4 d6 2.e4 Nf6 3.Nc3 e5 4.Nf3 Nbd7 5.Bc4 Be7 6.O-O O-O 7.h3 c6 8.a4 a5
9.Be3 Nb6 10.Bb3 Nfd7 11.dxe5 dxe5 12.Qe2 Qc7 13.Nd2 Nc5 14.Nc4 Nxc4 15.Bxc4 Ne6
16.Rfd1 Nf4 17.Qf3 Be6 18.Bxe6 fxe6 19.Ne2 Kh8 20.Nxf4 exf4 21.Bd4 e5 22.Bc3 b5
23.b3 b4 24.Bb2 Bf6 25.Rd3 c5 26.c4 bxc3 27.Rxc3 Be7 28.Rd1 Rfd8 29.Rcd3 Rd4
30.Bxd4 cxd4 31.Qh5 g6 32.Qg4 Bb4 33.h4 Rf8 34.h5 Rg8 35.Rh3 g5 36.Qe6 g4
37.Rh4 Qe7 38.Qxe7 Bxe7 39.Rh1 Rc8 40.Kh2 Ba3 41.Rd3 Rc2 42.f3 gxf3 43.Rxf3 Re2
44.Ra1 Bb4 45.Rc1 Rxe4 46.h6 Kg8 47.Rc7 Re3 48.Rg7+ Kh8 49.Rd7 Bf8 50.Rh3 Re2
51.Kg1 Rc2 52.Rh5 Rc8 53.Rxe5 Bxh6 54.Rxa5 Bf8 55.Rad5 Kg8 56.Rg5+ Kh8 57.Kf1 h6
58.Rf5 Bg7 59.Rxf4 Rb8 60.Rff7 Be5 61.Rb7 Rd8 62.Ke2 Kg8 63.Kd3 Rc8 64.Ke4 Bh8
65.Rfd7 Re8+ 66.Kd3 Re3+ 67.Kd2 Re8 68.a5 Bf6 69.a6  1-0

[Event "21st Honor to National Resistance"]
[Site "Nikaia GRE"]
[Date "2013.08.28"]
[Round "3.8"]
[White "Theodoropoulos,S"]
[Black "Goumas,G"]
[Result "0-1"]
[WhiteElo "1898"]
[BlackElo "2380"]

1.e4 d6 2.d4 Nf6 3.Nc3 c6 4.f4 Bg4 5.Nf3 Nbd7 6.e5 Nd5 7.Nxd5 cxd5 8.Bd3 e6
9.h3 dxe5 10.fxe5 Bh5 11.O-O Qb6 12.Kh1 Be7 13.c3 f6 14.Qa4 O-O-O 15.c4 fxe5
16.cxd5 Kb8 17.Be3 e4 18.Bxe4 Nf6 19.Bf4+ Bd6 20.Bxd6+ Rxd6 21.Qc2 exd5 22.Bf5 Bxf3
23.Rxf3 Qxd4 24.Rc3 a6 25.Rc1 Ne4 26.Rc8+ Rxc8 27.Qxc8+ Ka7 28.Bxe4 dxe4
29.Qf8 Qxb2 30.Qxd6 Qxc1+ 31.Kh2 Qc3 32.Kg1 e3 33.Kf1 Qc1+ 34.Ke2 Qd2+ 35.Qxd2 exd2
36.Kxd2 Kb6 37.Kc3 Kc5 38.g4 g5 39.Kd3 b5 40.a3 a5 41.Kc3 b4+ 42.axb4+ axb4+
43.Kb3 Kb5  0-1

[Event "18th Konik Morski"]
[Site "Rewal POL"]
[Date "2013.08.28"]
[Round "8.6"]
[White "Lach,A"]
[Black "Licznerski,L"]
[Result "0-1"]
[WhiteElo "2161"]
[BlackElo "2332"]

1.e4 d6 2.d4 Nf6 3.Nc3 e5 4.Nf3 Nbd7 5.g4 g6 6.g5 Nh5 7.dxe5 dxe5 8.Bh3 Bg7
9.Be3 Nf4 10.Bxf4 exf4 11.Qd2 Ne5 12.Qxd8+ Kxd8 13.Nxe5 Bxe5 14.O-O-O+ Ke7
15.Nd5+ Kf8 16.Bxc8 Rxc8 17.Nf6 Ke7 18.Ng4 Bg7 19.Rd3 h5 20.gxh6 Bxh6 21.Rhd1 Ke6
22.f3 Bf8 23.Rd5 Bd6 24.c4 b6 25.b4 f6 26.c5 bxc5 27.bxc5 Be7 28.c6 Bd6 29.Ra5 Rb8
30.Rxa7 Rb6 31.Ra4 Rxc6+ 32.Kd2 Rb8 33.Ke1 Rc3 34.Nf2 Re3+ 35.Kf1 Rb2 36.Nd3 Rxh2
37.Kg1 Rh3 38.Ra6 Rhxf3 39.Nc5+ Ke7 40.Nb7 Rd3  0-1

[Event "TCh-SRB 1st League 2013"]
[Site "Kragujevac SRB"]
[Date "2013.08.29"]
[Round "6.6"]
[White "Abramovic,B"]
[Black "Lazic,Mir"]
[Result "0-1"]
[WhiteElo "2429"]
[BlackElo "2457"]

1.d4 d6 2.e4 Nf6 3.Nc3 e5 4.dxe5 dxe5 5.Qxd8+ Kxd8 6.Bc4 Ke8 7.Nf3 Bd6 8.Bg5 Nbd7
9.O-O-O a6 10.a4 h6 11.Bh4 b6 12.Rhe1 Bb7 13.Nd5 Nxd5 14.Bxd5 Bxd5 15.Rxd5 f6
16.Nd2 b5 17.axb5 Nb6 18.Rd3 axb5 19.f3 Ra1+ 20.Nb1 Nc4 21.Re2 Ke7 22.Be1 b4
23.Rxd6 Kxd6 24.Bxb4+ c5 25.Bc3 Raa8 26.g3 Kc6 27.f4 exf4 28.gxf4 Rhe8 29.b3 Nd6
30.Nd2 c4 31.bxc4 Ra4 32.e5 Nxc4 33.Nb3 fxe5 34.fxe5 Kd5 35.Rg2 Ra7 36.Rg4 Rc7
37.Rd4+ Ke6 38.Rd3 Kf7 39.Rd5 Rec8 40.Rd3 Na3 41.e6+ Ke8 42.Be5 Rxc2+ 43.Kd1 Rg2
44.Bd6 Nc4 45.Rg3 Rxg3 46.Bxg3 Ne3+ 47.Ke2 Nf5 48.Bf2 Ke7 49.Nc5 Kd6  0-1

[Event "24th Porto San Giorgio Open"]
[Site "Porto San Giorgio ITA"]
[Date "2013.08.29"]
[Round "9.11"]
[White "Calavalle,G"]
[Black "Martinez,Rol"]
[Result "1/2-1/2"]
[WhiteElo "2205"]
[BlackElo "2451"]

1.e4 d6 2.d4 Nf6 3.Nc3 c6 4.Be2 Nbd7 5.g4 h6 6.Be3 e5 7.f3 b5 8.d5 b4 9.dxc6 bxc3
10.cxd7+ Bxd7 11.bxc3 Be7 12.c4 h5 13.g5 Nh7 14.h4 O-O 15.Bd3 Be6 16.Ne2 Qc7
17.f4 Bxc4 18.f5 g6 19.Ng3 Rfb8 20.O-O Bf8 21.fxg6 fxg6 22.Nxh5 Bxd3 23.cxd3 Rb2
24.Nf6+ Nxf6 25.Rxf6 Bg7 26.Rf2 Rab8 27.Qc1 Qxc1+ 28.Rxc1 Rxf2 29.Bxf2 Rb2
30.Bxa7 Rxa2 31.Bb8 Rd2 32.Bxd6 Rxd3 33.Rc8+ Kf7 34.Rc7+ Kg8 35.Rc8+ Kf7
36.Rc7+ Kg8 37.Rc8+ Kf7  1/2-1/2

[Event "11th Kesan Open"]
[Site "Edirne TUR"]
[Date "2013.08.30"]
[Round "7.2"]
[White "Rasulov,Vu"]
[Black "Yurtseven,M"]
[Result "1/2-1/2"]
[WhiteElo "2483"]
[BlackElo "2244"]

1.e4 d6 2.d4 Nf6 3.Nc3 e5 4.Nf3 Nbd7 5.Bc4 Be7 6.O-O O-O 7.Re1 c6 8.a4 h6
9.h3 Re8 10.b3 Qc7 11.Bb2 Nf8 12.Nh4 Be6 13.Nf5 Bxf5 14.exf5 exd4 15.Qxd4 d5
16.Bf1 a5 17.Re2 N8d7 18.Rae1 Bc5 19.Qh4 Qb6 20.Rxe8+ Rxe8 21.Rxe8+ Nxe8
22.Bd3 f6 23.Nd1 Nd6 24.Qf4 Qb4 25.Qxb4 axb4 26.g4 Ne5 27.Be2 h5 28.Kg2 hxg4
29.hxg4 Kf8 30.f3 Bb6 31.Bc1 Bd4 32.Bd2 c5 33.Kf1 Nc6 34.Ne3 Bxe3 35.Bxe3 b6
36.Ke1 Ke7 37.Kd2 Kd7 38.Bf2 d4 39.Bg3 Ne7 40.Bd3 Nd5 41.Ke2 Ne3 42.Bf4 Nd5
43.Bd2 Nc3+ 44.Kf2 Nf7 45.f4 Nd6 46.Kf3 Ke7 47.g5 Kf8 48.Kg4 Nd5 49.Kf3 Ne7
50.Kg4 Nd5 51.Bc1 Ne7  1/2-1/2

[Event "78th ch-ESP 2013"]
[Site "Linares ESP"]
[Date "2013.08.30"]
[Round "2.1"]
[White "Korneev,O"]
[Black "Torres Ventosa,P"]
[Result "1-0"]
[WhiteElo "2625"]
[BlackElo "2317"]

1.e4 d6 2.d4 Nf6 3.Nc3 e5 4.dxe5 dxe5 5.Qxd8+ Kxd8 6.Bc4 Bb4 7.Bxf7 Rf8 8.Bb3 Nxe4
9.Ne2 Nxf2 10.Rf1 Ng4 11.Bg5+ Ke8 12.Rxf8+ Bxf8 13.O-O-O Bd6 14.Nb5 h6 15.Bh4 g5
16.Bg3 Ke7 17.Rxd6 cxd6 18.Nc7 Kd7 19.Nxa8 b5 20.Nc3 Bb7 21.Bd5 Nc6 22.Nxb5 Bxa8
23.Nxa7 Ne3 24.Bf3 g4 25.Be4 Nxa7 26.Bxa8 Nc6 27.Kd2 Nc4+ 28.Kc3 Nb6 29.Bxc6+ Kxc6
30.Kd3 h5 31.b3 Nd5 32.a4 Nb4+ 33.Kc3 Nd5+ 34.Kd2 Kc5 35.c3 Nf6 36.Bf2+ Kc6
37.Kd3 Nd5 38.g3 Ne7 39.b4 d5 40.b5+ Kb7 41.a5 e4+ 42.Kd4 Nf5+ 43.Ke5 e3
44.Be1 Ne7 45.Ke6 Ng6 46.Kxd5 h4 47.gxh4 Nf4+ 48.Ke4 Ng2 49.Bg3 e2 50.a6+ Kc8
51.h5 e1=Q+ 52.Bxe1 Nxe1 53.h6 Nf3 54.Kf4  1-0

[Event "78th ch-ESP 2013"]
[Site "Linares ESP"]
[Date "2013.08.30"]
[Round "2.25"]
[White "Navarro Lopez Menchero,D"]
[Black "Juan Delgado,Adrian"]
[Result "1-0"]
[WhiteElo "2318"]
[BlackElo "1865"]

1.d4 d6 2.Nc3 Nd7 3.e4 Ngf6 4.Nge2 e5 5.f3 Be7 6.g4 c6 7.Be3 h6 8.Qd2 b6
9.O-O-O Bb7 10.Ng3 Qc7 11.Nf5 Bf8 12.d5 c5 13.h4 h5 14.g5 Ng8 15.f4 g6 16.Ng3 exf4
17.Bxf4 a6 18.Bh3 Bg7 19.Rhf1 Ne7 20.Rde1 Ne5 21.Nge2 b5 22.Ng1 b4 23.Nd1 a5
24.Nf3 Nc4 25.Qh2 a4 26.e5 dxe5 27.Nxe5 Nxe5 28.Bxe5 Bxe5 29.Qxe5 Qxe5 30.Rxe5 Kf8
31.d6 Nc6 32.Rxc5 Kg7 33.Bg2 Ra6 34.Rf6 b3 35.Nc3 bxa2 36.Nxa2 Ba8 37.d7 Nb8
38.Rc8 Nxd7 39.Rxh8 Rd6 40.Bxa8 Nxf6 41.Nc3 Nd7 42.Nxa4 f5 43.Bd5  1-0

[Event "78th ch-ESP 2013"]
[Site "Linares ESP"]
[Date "2013.08.30"]
[Round "2.29"]
[White "Galvez Extremera,F"]
[Black "Zorrilla Leonardo,V"]
[Result "1/2-1/2"]
[WhiteElo "2180"]
[BlackElo "1890"]

1.e4 d6 2.d4 Nf6 3.Nc3 c6 4.Nf3 Bg4 5.h3 Bh5 6.Bg5 Nbd7 7.e5 Bxf3 8.Qxf3 dxe5
9.dxe5 Nxe5 10.Qg3 Ned7 11.O-O-O Qa5 12.Bd2 Qd8 13.Bd3 g6 14.Rhf1 Bg7 15.f4 Qc7
16.Qf3 e6 17.f5 gxf5 18.Bxf5 O-O-O 19.Be4 Nc5 20.Bf4 Qb6 21.Be5 Ncd7 22.Rxd7 Bh6+
23.Kb1 Nxd7 24.Bxh8 Rxh8 25.Qxf7 Rd8 26.Qxe6 Bd2 27.Na4 Qf2 28.Qg4 Kc7 29.Qg5 Bxg5
30.Nc5 Be3 31.Nxb7 h6 32.c3 c5  1/2-1/2

[Event "74th ch-ARM 1st League"]
[Site "Yerevan ARM"]
[Date "2013.08.30"]
[Round "9.1"]
[White "Kalashian,D"]
[Black "Grigoryan,K2"]
[Result "0-1"]
[WhiteElo "2409"]
[BlackElo "2550"]

1.e4 d6 2.d4 Nf6 3.Nc3 e5 4.dxe5 dxe5 5.Qxd8+ Kxd8 6.Bg5 Be6 7.O-O-O+ Nd7
8.Nf3 Kc8 9.Bxf6 gxf6 10.Nh4 Bc5 11.f3 c6 12.Nf5 Rg8 13.g4 b5 14.h4 Nb6 15.Kb1 Kc7
16.Bd3 a5 17.Ne2 a4 18.Neg3 a3 19.b3 Bb4 20.Ne2 Rad8 21.c3 Bc5 22.Bc2 b4
23.cxb4 Bxb4 24.Rxd8 Rxd8 25.Rd1 Rxd1+ 26.Bxd1 Be1 27.h5 c5 28.Ng7 Bd7 29.Kc2 c4
30.Nc3 Kd6 31.bxc4 Nxc4 32.Be2 Ne3+ 33.Kb3 Kc5 34.Nb1 Ng2 35.Nxa3 Bd2 36.Nc2 Nf4
37.Bc4 Nh3 38.Bxf7 Ng5 39.Be8 Bc8 40.Na1 Nxf3 41.Kc2 Bg5 42.Nb3+ Kb6 43.Nf5 Nh2
44.a4 Nxg4 45.Nd6 Ba6 46.Bb5 Bxb5 47.Nxb5 f5 48.exf5 Ne3+ 49.Kd3 Nxf5 50.Nc3 Ng7
51.Nd5+ Ka7 52.Kc4 Nxh5 53.Kb5 Nf6 54.Nb4 e4 55.a5 e3 56.Nd4 h5 57.a6 Bf4
58.Nd3 Bg3 59.Nc5 h4 60.Kc6 Ne8 61.Ne4 Be5 62.Nf3 e2 63.Kd5 Nf6+ 64.Kc4 Nxe4
65.Kd3 Ng3 66.Ke3 Bc3 67.Kf2 e1=Q+  0-1

[Event "XXX Collado Villalba Open 2013"]
[Site "Collado Villalba ESP"]
[Date "2013.08.31"]
[Round "9.21"]
[White "Rosa Ramirez,V"]
[Black "De la Orden Alcocer,Alejandro"]
[Result "1/2-1/2"]
[WhiteElo "1991"]
[BlackElo "1932"]

1.e4 d6 2.d4 Nf6 3.Nc3 Nbd7 4.Nf3 e5 5.Bc4 Be7 6.O-O c6 7.Be3 O-O 8.d5 Nb6
9.Qd3 Nxc4 10.Qxc4 c5 11.h3 Bd7 12.a4 a6 13.Nd2 Rb8 14.a5 Qc8 15.Rfb1 b5
16.axb6 Rxb6 17.Ra3 Qb7 18.b3 Ra8 19.Rba1 h6 20.Qe2 Qc8 21.Nc4 Rbb8 22.Nd2 Rb6
23.Kh2 Ne8 24.f3 Nc7 25.Na4 Rbb8 26.Nc3 Nb5 27.Nxb5 axb5 28.Qf2 Rxa3 29.Rxa3 Ra8
30.Rxa8 Qxa8 31.Qg3 Kh7 32.f4 f6 33.f5 Qe8 34.Qg4 Qf7 35.Kg1 Be8 36.Qh4 Qh5
37.Qxh5 Bxh5 38.g4 Be8 39.h4 Bd8 40.Nf3 Kg8 41.Kf2 Ba5 42.g5 hxg5 43.hxg5 Bh5
44.Kg3 Kf8 45.Kf2 Bc3 46.Bc1 Ke7 47.g6 Bd4+ 48.Kg2 Bc3 49.Be3 Kd7 50.Bc1  1/2-1/2

[Event "TCh-SRB 1st League 2013"]
[Site "Kragujevac SRB"]
[Date "2013.08.31"]
[Round "8.4"]
[White "Benkovic,P"]
[Black "Rabrenovic,V"]
[Result "1-0"]
[WhiteElo "2428"]
[BlackElo "2408"]

1.d4 d6 2.e4 Nf6 3.Nc3 e5 4.Nf3 Nbd7 5.g3 c6 6.a4 b6 7.Bg2 a6 8.O-O Bb7 9.Qe2 Be7
10.dxe5 dxe5 11.Rd1 Qc7 12.Nh4 O-O 13.Nf5 Bc5 14.Bg5 Rfe8 15.Bh3 Bf8 16.Qf3 Re6
17.Nh6+ gxh6 18.Bxe6 fxe6 19.Bxf6 Re8 20.Qg4+ Kf7 21.Qh5+  1-0

[Event "78th ch-ESP 2013"]
[Site "Linares ESP"]
[Date "2013.08.31"]
[Round "3.12"]
[White "Navarro Lopez Menchero,D"]
[Black "Gonzalez de la Torre,S"]
[Result "1/2-1/2"]
[WhiteElo "2318"]
[BlackElo "2472"]

1.e4 d6 2.d4 Nf6 3.Nc3 e5 4.Nge2 Be7 5.f3 c6 6.Be3 b5 7.Qd2 O-O 8.g4 b4 9.Na4 exd4
10.Nxd4 Bxg4 11.fxg4 Nxe4 12.Qg2 Bh4+ 13.Kd1 Nc5 14.b3 Re8 15.Qh3 Qe7 16.Kd2 Ne4+
17.Kd1 Bg5 18.Nf5 Qe5 19.c3 Nxc3+ 20.Nxc3 bxc3 21.Bxg5 Qe1+ 22.Kc2 Qxa1 23.Bd3 Qxa2+
24.Kxc3 Qa5+ 25.Kc2 Qc5+ 26.Kb1 g6 27.Nh6+ Kg7 28.Nf5+ Kg8 29.Nh6+ Kg7 30.Nf5+  1/2-1/2

[Event "TCh-ROU 2013"]
[Site "Mamaia ROU"]
[Date "2013.08.31"]
[Round "1.2"]
[White "Petrisor,A"]
[Black "Baratosi,D"]
[Result "1/2-1/2"]
[WhiteElo "2401"]
[BlackElo "2402"]

1.d4 d6 2.e4 Nf6 3.Nc3 e5 4.Nf3 Nbd7 5.Rg1 g6 6.g4 Bg7 7.g5 Nh5 8.Be3 O-O
9.Qd2 c6 10.O-O-O Qe7 11.Be2 Nb6 12.a4 Be6 13.b3 Nf4 14.a5 d5 15.Nxe5 Nxe2+
16.Nxe2 Nd7 17.Nxd7 Bxd7 18.exd5 cxd5 19.Kb2 Rfc8 20.c3 Rc6 21.Nf4 Qd6 22.Nd3 Bf5
23.Nb4 Rcc8 24.h4 Bf8 25.Ra1 Qd7 26.Nd3 Qb5 27.Nf4 Rc7 28.Rgc1 Rac8 29.Qe2 Qd7
30.h5 Re8 31.Qf1 Be4 32.hxg6 fxg6 33.Bd2 Rec8 34.f3 Bf5 35.Nd3 Bd6 36.Re1 Re8
37.Nf2 Rf8 38.Qg2 Qb5 39.Qf1 Qc6 40.Nd3 Be4 41.f4  1/2-1/2

[Event "TCh-ROU 2013"]
[Site "Mamaia ROU"]
[Date "2013.08.31"]
[Round "1.4"]
[White "Palamar,T"]
[Black "Petre,NT"]
[Result "0-1"]
[WhiteElo "1766"]
[BlackElo "2365"]

1.e4 c6 2.d4 d6 3.Nc3 Nf6 4.f4 Qa5 5.Bd3 e5 6.dxe5 dxe5 7.f5 Nbd7 8.Bd2 Qc7
9.a4 Nc5 10.Qe2 Nxd3+ 11.Qxd3 b6 12.O-O-O a5 13.Bg5 Ba6 14.Qf3 Be7 15.Nge2 O-O
16.Bxf6 Bxf6 17.h4 Qe7 18.Kb1 h6 19.Qf2 Rfb8 20.g4 Bxe2 21.Nxe2 b5 22.g5 hxg5
23.hxg5 Bxg5 24.Qh2 Bh6 25.Rdg1 Kf8 26.Qg3 Qf6 27.Qc3 bxa4 28.Ng3 Qd6 29.f6 Qxf6
30.Nf5 Rb5 31.Qa3+ c5 32.Qxa4 Rab8 33.b3 Qc6 34.Qc4 Rb4 35.Rxh6 gxh6 36.Qf1 Qxe4
37.Nxh6 Rxb3+  0-1

[Event "TCh-SRB 1st League w 2013"]
[Site "Kragujevac SRB"]
[Date "2013.09.01"]
[Round "9.3"]
[White "Zivic,R"]
[Black "Nonkovic,B"]
[Result "0-1"]
[WhiteElo "2029"]
[BlackElo "2078"]

1.e4 d6 2.d4 Nf6 3.Nc3 e5 4.Nf3 Nbd7 5.Bc4 Be7 6.O-O Nb6 7.Be2 exd4 8.Nxd4 O-O
9.f4 c6 10.a4 a5 11.Kh1 Re8 12.e5 Nfd5 13.Ne4 Bf8 14.Nf3 dxe5 15.fxe5 Bf5
16.Bg5 Qd7 17.Ng3 Bg6 18.Bd3 Bxd3 19.Qxd3 Nb4 20.Qe4 h6 21.Nh5 Qe6 22.Nf4 Qc4
23.Qf5 Qxc2 24.Qg4 Qh7 25.Bf6 N6d5 26.Nh4 Ne3 27.Qd7 Nxf1 28.e6 gxf6 29.Nh5 Rxe6
30.Rxf1 Nd5 31.h3 Rae8 32.Rf3 Kh8 33.Rg3 Qb1+ 34.Kh2 Re1 35.Rf3 Rh1+ 36.Kg3 Qe1+
37.Kg4 Qe6+  0-1